000 01434nam a2200337 a 4500
001 0000248
003 DO-SdBNP
005 20180307082927.0
007 0000248
008 150211s2013 dr abc 000 0 spa d
020 _z9789945444026
040 _aBPMSU
_bspa
_cBPMSU
092 _axxxx
_bxxxx
100 1 _aMateo Dicló, Luisa A.
245 1 0 _aArtística 1 /
_cLuisa A. Mateo Dicló, Dafne M. Gil de Peiro ; ilustraciones Wi-Hen Fung, Ramón L. Sandoval.
246 _aEducación artística
250 _a2ª ed. revisada y actualizada
260 _aSanto Domingo :
_bActualidad Escolar 2000,
_c2013.
300 _a112 p. :
_bil., mapas, retrs. ;
_c21 cm.
500 _aEste libro ha sido realizado de acuerdo al curriculum vigente y ha sido sometido a la evaluación y aprobación del MINERD,(Minsiterio de Educación de la República Dominicana)
500 _aIncluye el libro del maestro
500 _aLa biblioteca solamente posee el libro de texto.
505 0 _tConoce la educación artistica --
_tMe conozco --
_tLa exploración --
_tLa observación --
_tLa expresión artística --
_tLas artes y sus formas --
_tLas artes y la cultura --
_tValorando la historia nacional --
700 1 2 _aGil de Peiro, Dafne M.
700 1 2 _aFung, Wi-Hen,
_eil.
700 1 2 _aSandoval, Ramón L.,
_eil.
910 _a00144
942 _2ddc
_cBK
945 _aRemanejado para la BNPHU / 2018 VM
956 _aYngrid Lockward
_b10
999 _c7910
_d7910